[Event "Mechanics' Summer TNM; 30/90, SD/30"]
[Site "San Francisco"]
[Date "2013.07.02"]
[Round "6.4"]
[White "Goins, Demetrius"]
[Black "Rudyak, Felix"]
[Result "1-0"]
[WhiteElo "2136"]
[BlackElo "1946"]
[Annotator "Donaldson"]
[PlyCount "113"]
[EventDate "2013.??.??"]

1. d4 d5 2. c4 e6 3. Nc3 c5 4. cxd5 exd5 5. Nf3 Nc6 6. g3 Nf6 7. Bg2 Be7 8. O-O
O-O 9. Bg5 cxd4 10. Nxd4 h6 11. Be3 Re8 12. Rc1 Bf8 13. Nxc6 bxc6 14. Na4 (14.
Bd4 {has been played by Anand and Karpov}) 14... Bd7 15. Bd4 ({But here} 15.
Bc5 {is invariably played. The combination of Na4 and Bd4 shouldn't be
dangerous as the idea behind Nxc6 and Na4 is Bc5 to control the c5 square.})
15... Ne4 16. a3 Bd6 17. Re1 h5 (17... Qe7 {is more solid.}) 18. Nc3 Nxc3 19.
Rxc3 h4 (19... Qe7 {is again more solid.}) 20. e4 $1 {
A center response is always a good answer to a wing attack.} hxg3 21. hxg3 Qg5
22. exd5 Rxe1+ 23. Qxe1 cxd5 24. Rd3 Be6 25. Be3 Qf5 26. Qd2 Rd8 27. Bxa7 (27.
Bxd5 {was a viable alternative.}) 27... Be5 28. b4 d4 29. Qc2 (29. Bb6 Rd7 30.
Qc2 {was more precise.}) 29... Rc8 30. Bc5 Qg6 31. Rd2 Bf5 32. Qb2 Be4 33. Bxe4
Qxe4 34. Re2 (34. Bxd4 Qe1+ 35. Kg2 Rc1 36. Bxe5 Qh1#) 34... Qd5 35. Qa2 Qxa2
36. Rxa2 Rd8 37. Kf1 d3 38. Ke1 Bc3+ 39. Kd1 Re8 40. Be3 Re5 41. Rd2 $1 Rd5 42.
Bc5 f6 43. a4 Kf7 44. a5 Ke6 45. a6 Bxd2 46. Kxd2 Rd8 47. b5 Kd5 48. Be3 Kc4
49. b6 Kb5 50. a7 Ka6 51. Bd4 Kb7 52. Kxd3 Rd6 53. Ke4 g6 54. g4 Rc6 55. Kd5
Rc2 56. f4 Rc6 57. a8=Q+ 1-0

[Event "Mechanics' Neil Falconer TNM; 30/90, SD"]
[Site "San Francisco"]
[Date "2013.09.10"]
[Round "6.29"]
[White "Gomboluudev, Enkhjin"]
[Black "Bayaraa, Chinguun"]
[Result "1-0"]
[WhiteElo "1125"]
[BlackElo "1729"]
[PlyCount "55"]
[EventDate "2013.??.??"]

1. e4 c5 2. f4 d6 3. Nf3 Nf6 4. Nc3 a6 5. d3 e6 6. Be2 Be7 7. O-O O-O 8. Qe1
Nc6 9. Be3 Ng4 10. Bd2 b5 11. a3 Qb6 12. Kh1 Bb7 13. Qg3 Nf6 14. f5 exf5 15.
exf5 Nd4 16. Bd1 Nxf5 17. Qf4 Nd4 18. Nxd4 cxd4 19. Ne4 Nxe4 20. dxe4 Qc6 21.
Re1 Bf6 22. Rc1 Be5 23. Qg4 Bc8 24. Qh4 Qc7 25. Bg4 Bxg4 26. Qxg4 Qc8 27. Qh4
Qd7 28. c3 {White won on time.} 1-0

[Event "Mechanics' Fall TNM; 30/90, SD/30"]
[Site "San Francisco"]
[Date "2013.11.05"]
[Round "3.26"]
[White "Gomboluudev, Enkhjin"]
[Black "Casares Jr, Nick"]
[Result "1-0"]
[WhiteElo "1137"]
[BlackElo "1600"]
[PlyCount "45"]
[EventDate "2013.??.??"]

1. e4 e5 2. Nf3 Nc6 3. Bc4 Nf6 4. d3 h6 5. O-O Be7 6. Be3 O-O 7. h3 d5 8. exd5
Nxd5 9. Nbd2 Be6 10. Bb5 f6 11. Nb3 a6 12. Bxc6 bxc6 13. Nc5 Bf7 14. Ne4 Bh5
15. Ng3 Bf7 16. Nh4 f5 17. Nhxf5 Bd6 18. Qg4 Qf6 19. Bxh6 Bg6 20. Nh4 Ne7 21.
Bg5 Qf7 22. Bxe7 Bxe7 23. Nxg6 1-0

[Event "Mechanics' Summer TNM; 30/90, SD/30"]
[Site "San Francisco"]
[Date "2013.06.18"]
[Round "4.39"]
[White "Gomboluudev, Enkhjin"]
[Black "Filho, Murilo"]
[Result "1/2-1/2"]
[WhiteElo "1106"]
[BlackElo "1760"]
[PlyCount "120"]
[EventDate "2013.??.??"]

1. e4 c5 2. f4 Nc6 3. Nf3 d6 4. Nc3 g6 5. d3 Bg7 6. Be2 Bd7 7. O-O e6 8. Be3
Nge7 9. Qe1 a6 10. Rb1 b5 11. a4 b4 12. Na2 O-O 13. Qg3 d5 14. e5 d4 15. Bd2
Rb8 16. b3 Nd5 17. Ng5 Nce7 18. Qh4 h6 19. Ne4 Nf5 20. Qxd8 Rfxd8 21. g3 Bc6
22. Bf3 Bf8 23. Nc1 Kg7 24. Be1 Rbc8 25. Bf2 Nfe3 26. Re1 Nxc2 27. Re2 Nce3 28.
Reb2 Nc3 29. Ra1 Be7 30. Ne2 f5 31. exf6+ Bxf6 32. Nxc5 Bxf3 33. Nxe6+ Kf7 34.
Nxd8+ Rxd8 35. Re1 Rc8 36. Nxc3 bxc3 37. Ra2 c2 38. Raa1 Nd1 39. Rc1 Rc3 40. b4
Nxf2 41. Kxf2 Bd1 42. Rcxd1 cxd1=Q 43. Rxd1 Be7 44. b5 axb5 45. axb5 Rb3 46.
Kf3 Rxb5 47. Ke4 Rb4 48. Rc1 h5 49. Rc4 Rxc4 50. dxc4 Bf6 51. c5 Ke6 52. h3 Bg7
53. g4 h4 54. f5+ gxf5+ 55. gxf5+ Kd7 56. Kd3 Kc6 57. Kc4 Bf6 58. Kd3 Kxc5 59.
Kd2 Kc4 60. Kc2 d3+ {
Black was easily winning but ended up drawing. No more moves available.}
1/2-1/2

[Event "Mechanics' Fall TNM; 30/90, SD/30"]
[Site "San Francisco"]
[Date "2013.12.17"]
[Round "9.29"]
[White "Gomboluudev, Enkhjin"]
[Black "Hack, Richard"]
[Result "1-0"]
[WhiteElo "1137"]
[BlackElo "1565"]
[PlyCount "73"]
[EventDate "2013.??.??"]

1. e4 e5 2. Nf3 Nc6 3. Bc4 Bc5 4. d3 Nf6 5. Nc3 O-O 6. Bg5 h6 7. Bh4 d6 8. h3
Be6 9. Nd5 g5 10. Bg3 Nxd5 11. exd5 Bd7 12. dxc6 Bxc6 13. O-O b5 14. Bb3 Qd7
15. Nh2 a5 16. a3 Kh7 17. Qh5 f5 18. Nf3 Qg7 19. Nd2 a4 20. Ba2 f4 21. Bh2 d5
22. Qf3 Rad8 23. c4 bxc4 24. dxc4 e4 25. Qe2 e3 26. Qd3+ Kh8 27. Nf3 exf2+ 28.
Kh1 d4 29. Rxf2 Rfe8 30. Re2 Re3 31. Rxe3 fxe3 32. Be5 Re8 33. Bxg7+ Kxg7 34.
Re1 Be4 35. Qd1 Bxf3 36. gxf3 d3 37. Qxd3 1-0

[Event "Mechanics' Neil Falconer TNM; 30/90, SD"]
[Site "San Francisco"]
[Date "2013.09.24"]
[Round "8.29"]
[White "Gomboluudev, Enkhjin"]
[Black "Harris, Clarence"]
[Result "0-1"]
[WhiteElo "1125"]
[BlackElo "1314"]
[PlyCount "56"]
[EventDate "2013.??.??"]

1. e4 e5 2. Nf3 Nc6 3. Bc4 Nf6 4. d3 Be7 5. O-O O-O 6. h3 d6 7. Nc3 Na5 8. Bb3
Nxb3 9. axb3 Be6 10. Ng5 Bd7 11. f4 h6 12. Nf3 exf4 13. Bxf4 Nh5 14. Bh2 Qc8
15. Ng5 Nf6 16. Qf3 hxg5 17. Ra5 g4 18. hxg4 Bxg4 19. Qe3 Nh5 20. Nd5 Bh4 21.
Nf4 Nxf4 22. Rxf4 Qe6 23. Bg3 b6 24. Rd5 c6 25. Rd4 Bg5 26. Rxd6 Qxd6 27. Rxg4
Bxe3+ 28. Kh1 Qf6 0-1

[Event "Mechanics' Summer TNM; 30/90, SD/30"]
[Site "San Francisco"]
[Date "2013.07.02"]
[Round "6.29"]
[White "Gomboluudev, Enkhjin"]
[Black "Hilliard, Michael"]
[Result "0-1"]
[WhiteElo "1106"]
[BlackElo "1447"]
[PlyCount "86"]
[EventDate "2013.??.??"]

1. e4 c6 2. Nf3 d5 3. exd5 cxd5 4. Ne5 a6 5. d4 Bf5 6. Bf4 Nf6 7. Nc3 Nc6 8.
Nf3 Rc8 9. Bd3 Bxd3 10. Qxd3 e6 11. a3 Be7 12. O-O O-O 13. Rad1 Qb6 14. Na4 Qd8
15. Ne5 Bd6 16. Qf3 Qc7 17. Nxc6 Bxf4 18. Nb4 Bxh2+ 19. Kh1 Bd6 20. Qb3 Bxb4
21. Qxb4 Ne4 22. Qb3 b5 23. Nc3 Nxc3 24. bxc3 Qxc3 25. Qxc3 Rxc3 26. Rc1 Rfc8
27. f4 g6 28. g4 Rxc2 29. Rxc2 Rxc2 30. f5 g5 31. fxe6 fxe6 32. Rf6 Rc6 33. Kg2
Kg7 34. Rf2 Rc3 35. Ra2 a5 36. Kf2 b4 37. axb4 axb4 38. Rb2 b3 39. Ke2 Rc2+ 40.
Rxc2 bxc2 41. Kd2 Kg6 42. Kxc2 h5 43. gxh5+ Kxh5 0-1

[Event "Mechanics' Fall TNM; 30/90, SD/30"]
[Site "San Francisco"]
[Date "2013.11.19"]
[Round "5.29"]
[White "Gomboluudev, Enkhjin"]
[Black "Morgan, Jerry"]
[Result "0-1"]
[WhiteElo "1137"]
[BlackElo "1625"]
[PlyCount "116"]
[EventDate "2013.??.??"]

1. e4 Nf6 2. e5 Nd5 3. d4 d6 4. Nf3 dxe5 5. dxe5 Bg4 6. Bc4 e6 7. O-O Be7 8. h3
Bh5 9. Qd3 O-O 10. Nbd2 Nc6 11. a3 Bg6 12. Ne4 Nb6 13. Qxd8 Raxd8 14. Bd3 Bh5
15. Ned2 Nd5 16. Bb5 Nb8 17. c4 Nf4 18. b4 Ne2+ 19. Kh2 Nc3 20. Nb1 Nxb5 21.
cxb5 Rd5 22. g4 Bg6 23. Nc3 Rd3 24. Be3 Rxc3 25. Kg2 Be4 26. Kg3 Rd8 27. Rfc1
Rdd3 28. Re1 Bxf3 29. Kxf3 Bg5 {(Here the scoresheet had no move (!); somehow
it's 30.h4 but that then hangs the bishop on 30...Kf8...} 30. h4 Kf8 31. Rad1
Bxe3 32. Rxd3 Rxd3 33. Rxe3 {(Okay, so it wasn't 30.Ke4!)} Rxe3+ 34. Kxe3 c6
35. b6 axb6 36. Kd4 Nd7 37. f4 Ke7 38. a4 Nf8 39. h5 {
That's what convinced me that it was 30.h4} Nd7 40. g5 Nb8 41. Kc4 f6 42. Kd4
Na6 43. Kc4 Nc7 44. g6 hxg6 45. hxg6 Nd5 46. a5 Nxf4 47. exf6+ Kxf6 48. axb6
Nxg6 49. Kc5 Ke5 50. Kc4 Nf4 51. b5 cxb5+ 52. Kxb5 g5 53. Kc4 g4 54. Kc5 g3 55.
Kc4 g2 56. Kc5 g1=Q+ 57. Kc4 Qd4+ 58. Kb5 Nd5 0-1

[Event "Mechanics' Neil Falconer TNM; 30/90, SD"]
[Site "San Francisco"]
[Date "2013.08.27"]
[Round "4.30"]
[White "Gomboluudev, Enkhjin"]
[Black "Poling, Scott"]
[Result "0-1"]
[WhiteElo "1125"]
[BlackElo "1751"]
[PlyCount "70"]
[EventDate "2013.??.??"]

1. e4 e6 2. d4 d5 3. e5 c5 4. c3 Nc6 5. Bd3 cxd4 6. cxd4 Nxd4 7. Be3 Nc6 8. Nf3
Bb4+ 9. Nbd2 Nge7 10. Bb5 O-O 11. O-O Bd7 12. a3 Bxd2 13. Qxd2 Nxe5 14. Nxe5
Bxb5 15. Bd4 Bxf1 16. Rxf1 Nc6 17. Nxc6 bxc6 18. Qf4 f6 19. Bc5 e5 20. Qa4 Rf7
21. Qxc6 Rc8 22. Qb5 a6 23. Qb4 Rfc7 24. Be3 d4 25. Bd2 Rc2 26. Qb3+ Kh8 27.
Qd3 e4 28. Qe2 e3 29. fxe3 dxe3 30. Qxe3 Qxd2 31. b4 Qxe3+ 32. Kh1 Rc1 33. h3
Rxf1+ 34. Kh2 Qf4+ 35. g3 Qf2# 0-1

[Event "Mechanics' Summer TNM; 30/90, SD/30"]
[Site "San Francisco"]
[Date "2013.05.28"]
[Round "1.31"]
[White "Gomboluudev, Enkhjin"]
[Black "Shnaiderman, Lazar"]
[Result "0-1"]
[WhiteElo "1106"]
[BlackElo "1800"]
[PlyCount "44"]
[EventDate "2013.??.??"]

1. e4 c5 2. Nf3 g6 3. Nc3 Nc6 4. d4 cxd4 5. Nxd4 Bg7 6. Nxc6 bxc6 7. Bc4 d6 8.
O-O Nf6 9. e5 dxe5 10. Qxd8+ Kxd8 11. Bxf7 e6 12. f4 exf4 13. Bxf4 Rf8 14. Bg5
Rxf7 15. Ne4 Ke7 16. Rf2 h6 17. Nxf6 hxg5 18. Ng8+ Ke8 19. Rd1 Rxf2 20. Kxf2
Bd7 21. b3 Rd8 22. Kg3 Kf7 0-1

[Event "Mechanics' Winter TNM; 30/90, SD/30"]
[Site "San Francisco"]
[Date "2013.01.29"]
[Round "4.26"]
[White "Graeber, Marie"]
[Black "Flores, David"]
[Result "1-0"]
[WhiteElo "1571"]
[BlackElo "1695"]
[Annotator "Donaldson"]
[PlyCount "31"]
[EventDate "2013.??.??"]

1. d4 g6 2. Nf3 Bg7 3. Bf4 c5 4. c3 Qb6 5. Qc2 d6 6. h3 Nf6 7. Nbd2 Nc6 8. a3
Be6 9. e3 Rc8 10. Rc1 O-O 11. Be2 Nh5 12. dxc5 dxc5 13. Bh2 Qd8 14. Ng5 Bd7 $2
(14... Bf5 15. e4 Bd7 $11) 15. Bxh5 gxh5 $4 (15... e5 16. Nge4 gxh5 17. Nxc5
$16) 16. Qxh7# 1-0

[Event "Mechanics' Spring TNM; 30/90, SD/30"]
[Site "?"]
[Date "2013.03.26"]
[Round "2"]
[White "Graeber, Marie"]
[Black "Kottcamp, Jeff"]
[Result "0-1"]
[WhiteElo "1571"]
[BlackElo "1723"]
[PlyCount "48"]
[EventDate "2013.03.26"]

1. d4 f5 2. Nf3 Nf6 3. e3 g6 4. Nc3 Bg7 5. Bc4 e6 6. Bd2 O-O 7. Qe2 Nc6 8. a3
Kh8 9. Ba2 d6 10. O-O-O a6 11. Ng5 Qe7 12. h4 h6 13. Nh3 e5 14. d5 Nd8 15. e4
fxe4 16. Nxe4 Nxe4 17. Qxe4 Bf5 18. Qe3 Nf7 19. Nf4 Qf6 20. Bc3 exf4 21. Bxf6
fxe3 22. Bxg7+ Kxg7 23. fxe3 Rae8 24. Rde1 Ne5 0-1

[Event "Mechanics' Winter TNM; 30/90, SD/30"]
[Site "San Francisco"]
[Date "2013.01.15"]
[Round "2.35"]
[White "Graeber, Marie"]
[Black "Otterbach, Renate"]
[Result "1-0"]
[WhiteElo "1571"]
[BlackElo "807"]
[PlyCount "41"]
[EventDate "2013.??.??"]

1. d4 d5 2. c4 e6 3. Nc3 Bb4 4. Bd2 Nf6 5. Nf3 c5 6. cxd5 Bxc3 7. Bxc3 Nxd5 8.
dxc5 Qe7 9. Rc1 Bd7 10. Bxg7 Rg8 11. Bh6 Qf6 12. Qd2 Nc6 13. Bg5 Rxg5 14. Nxg5
Nf4 15. Ne4 Qe5 16. Nd6+ Ke7 17. e3 Rg8 18. g3 Nd5 19. Bg2 Ncb4 20. Nc4 Nxa2
21. Nxe5 1-0

[Event "Mechanics' Winter TNM; 30/90, SD/30"]
[Site "San Francisco"]
[Date "2013.02.26"]
[Round "8.24"]
[White "Graeber, Marie"]
[Black "Somerville, Kenneth"]
[Result "0-1"]
[WhiteElo "1571"]
[BlackElo "1685"]
[PlyCount "42"]
[EventDate "2013.??.??"]

1. d4 d5 2. c4 c6 3. Nc3 Nf6 4. Nf3 dxc4 5. e4 b5 6. a3 e6 7. Bg5 Be7 8. Rc1
O-O 9. Be2 a5 10. O-O Ba6 11. Bxf6 Bxf6 12. b4 axb4 13. axb4 Bb7 14. Qd2 Na6
15. Rb1 Be7 16. Na2 c5 17. bxc5 Nxc5 18. dxc5 Qxd2 19. Nxd2 Rxa2 20. Rfd1 c3
21. Rxb5 Ba6 0-1

[Event "Mechanics' Spring TNM; 30/90, SD/30"]
[Site "San Francisco"]
[Date "2013.04.02"]
[Round "3.32"]
[White "Graeber, Marie"]
[Black "Touset, Stephen"]
[Result "0-1"]
[WhiteElo "1571"]
[BlackElo "919"]
[PlyCount "75"]
[EventDate "2013.??.??"]

1. d4 Nf6 2. c4 e6 3. Nc3 Bb4 4. Bd2 c5 5. Nf3 Nc6 6. e3 O-O 7. Bd3 b6 8. a3
cxd4 9. exd4 Bd6 10. O-O Qc7 11. Nb5 Qb8 12. Nxd6 Qxd6 13. Bc3 Bb7 14. Ne5 Nxd4
$4 15. Bxd4 Rac8 16. b3 g6 17. Bb2 Rc5 18. Nf3 Ng4 19. g3 Qc6 20. Be2 Rf5 21.
Qd4 Nf6 22. Qe3 Ng4 23. Qd4 Nf6 24. Qh4 $4 Rxf3 25. Bxf6 Rf4 (25... Rxg3+ $1)
26. f3 Rxh4 27. Bxh4 Qc5+ 28. Kg2 g5 29. Bxg5 Qxg5 30. Rad1 Qe3 31. Rf2 Qxb3
32. Rxd7 Ba6 33. Rd3 Qxc4 34. Rd8 Qa4 35. Rxf8+ Kxf8 36. Bxa6 Qxa6 37. Ra2 Qc4
38. Rd2 0-1

[Event "Mechanics' Winter TNM; 30/90, SD/30"]
[Site "San Francisco"]
[Date "2013.01.08"]
[Round "1.17"]
[White "Gray, William"]
[Black "Ayala, Nicholas"]
[Result "1-0"]
[WhiteElo "2004"]
[BlackElo "1532"]
[PlyCount "49"]
[EventDate "2013.??.??"]

1. e4 c5 2. Nf3 d6 3. c3 Nc6 4. d4 cxd4 5. cxd4 e6 6. Nc3 Nf6 7. Bd3 Be7 8. O-O
Bd7 9. Qe2 e5 10. d5 Nb4 11. Bb5 Qa5 12. Bd2 Rc8 13. a3 Nc2 14. Bxd7+ Nxd7 15.
Rac1 Nd4 16. Nxd4 exd4 17. Nb5 Qd8 18. Rxc8 Qxc8 19. Rc1 Qb8 20. Qg4 Bf6 21.
Rc7 Nb6 22. Rxb7 Qd8 23. Nxa7 O-O 24. Nc6 h5 25. Qf3 1-0

[Event "Mechanics' Fall TNM; 30/90, SD/30"]
[Site "San Francisco"]
[Date "2013.10.29"]
[Round "2.8"]
[White "Gray, William"]
[Black "Sherwood, Peter"]
[Result "1-0"]
[WhiteElo "2008"]
[BlackElo "1817"]
[PlyCount "77"]
[EventDate "2013.??.??"]

1. e4 c5 2. Nf3 d6 3. c3 Nf6 4. Bd3 Nc6 5. Bc2 Bg4 6. d3 e6 7. Nbd2 Be7 8. h3
Bh5 9. Nf1 Nd7 10. Ne3 Nde5 11. g4 Nxf3+ 12. Qxf3 Bg6 13. Bd2 Qc7 14. Qe2 O-O-O
15. a3 d5 16. Ng2 f6 17. O-O-O d4 18. Bb3 e5 19. Kc2 Rhf8 20. Bd5 Bf7 21. c4
Qb6 22. Qe1 Qa6 23. Bxf7 Rxf7 24. Ra1 b5 25. b3 bxc4 26. dxc4 Bf8 27. Kd3 Rb7
28. b4 cxb4 29. axb4 Qb6 30. b5 Rdd7 31. Ra6 Qxa6 32. bxa6 Nb4+ 33. Bxb4 Rxb4
34. Qa1 Rc7 35. Qa2 Rb6 36. Rb1 Rbc6 37. Qa4 Bc5 38. Rb7 Rxb7 39. Qxc6+ 1-0

[Event "Mechanics' Winter TNM; 30/90, SD/30"]
[Site "San Francisco"]
[Date "2013.01.22"]
[Round "3.5"]
[White "Gray, William"]
[Black "Watson, Farid"]
[Result "1/2-1/2"]
[WhiteElo "2004"]
[BlackElo "2040"]
[PlyCount "62"]
[EventDate "2013.??.??"]

1. e4 c5 2. Nf3 g6 3. c3 Bg7 4. Bc4 e6 5. e5 d5 6. exd6 Qxd6 7. d4 Nf6 8. O-O
O-O 9. Qe2 a6 10. dxc5 Qxc5 11. Rd1 b5 12. Bb3 Bb7 13. Ne5 Bd5 14. Bg5 Ne4 15.
Bxd5 exd5 16. Be3 Qe7 17. Nf3 b4 18. Bd4 Rd8 19. Bxg7 Kxg7 20. c4 Nd7 21. cxd5
Ndf6 22. Nbd2 Rxd5 23. Nxe4 Rxd1+ 24. Rxd1 Nxe4 25. Nd2 Re8 26. Re1 f5 27. Qe3
Kf8 28. Qd4 Kf7 29. f3 Qc5 30. Nb3 Qxd4+ 31. Nxd4 Nc5 1/2-1/2

[Event "Mechanics' Winter TNM; 30/90, SD/30"]
[Site "San Francisco"]
[Date "2013.02.19"]
[Round "7.11"]
[White "Grey, Peter"]
[Black "Afkham-Ebrahimi, Payam"]
[Result "0-1"]
[WhiteElo "2011"]
[BlackElo "1872"]
[Annotator "Donaldson"]
[PlyCount "84"]
[EventDate "2013.??.??"]

1. e4 c5 2. Nf3 e6 3. d4 cxd4 4. Nxd4 Nc6 5. Nc3 Bc5 (5... Nf6 6. Ndb5 Bc5) 6.
Nb3 Be7 7. Be3 b6 8. Be2 Nf6 9. O-O O-O 10. f4 d6 11. Bf3 e5 12. Rf2 Ba6 13. a4
Qc7 14. Be2 Bb7 15. Bf3 Rac8 16. Rd2 Rfd8 17. f5 a6 18. Qe2 Nb8 19. Qf2 Nbd7
20. Qe2 Nc5 21. Nxc5 dxc5 22. Rad1 Rxd2 (22... Rd4 $5) 23. Rxd2 Rd8 24. g4 Rxd2
25. Qxd2 h6 26. h4 Nh7 27. g5 hxg5 28. hxg5 Qd8 29. Qxd8+ Bxd8 30. g6 fxg6 31.
fxg6 Ng5 (31... Nf8) 32. Bg2 Ne6 33. Nd5 a5 34. c3 Bc6 35. b3 Be8 36. Bh3 Nf8
37. Bf5 Nxg6 38. b4 axb4 39. cxb4 cxb4 40. Nxb4 Nf4 41. Nd5 Nxd5 42. Be6+ Kf8
0-1

[Event "Mechanics' Neil Falconer TNM; 30/90, SD"]
[Site "San Francisco"]
[Date "2013.08.06"]
[Round "1.13"]
[White "Grey, Peter"]
[Black "Allen, Tom"]
[Result "1-0"]
[WhiteElo "2000"]
[BlackElo "1574"]
[PlyCount "67"]
[EventDate "2013.??.??"]

1. d4 Nf6 2. Nf3 d5 3. c4 e6 4. g3 Nc6 5. Bg2 Ne7 6. O-O Ng6 7. Nc3 c6 8. Qd3
Bd6 9. e4 dxe4 10. Nxe4 Nxe4 11. Qxe4 O-O 12. Rd1 f5 13. Qe2 Qc7 14. c5 Be7 15.
Ne5 Nxe5 16. Bf4 Bf6 17. Bxe5 Bxe5 18. dxe5 Qe7 19. Rd6 Bd7 20. f4 Rfd8 21.
Rad1 Rac8 22. R1d4 Rc7 23. b4 a6 24. a4 Kf8 25. Qd2 Ke8 26. Bf1 Rcc8 27. Bc4 g6
28. Qa2 Ra8 29. Qb3 Rab8 30. Qd3 Rbc8 31. Kf2 Rb8 32. Qb3 Rbc8 33. Ke3 Rb8 34.
Bxe6 1-0

[Event "Mechanics' Winter TNM; 30/90, SD/30"]
[Site "San Francisco"]
[Date "2013.01.29"]
[Round "4.10"]
[White "Grey, Peter"]
[Black "Alzhin, Leonid"]
[Result "1-0"]
[WhiteElo "2011"]
[BlackElo "1828"]
[PlyCount "33"]
[EventDate "2013.??.??"]

1. e4 e5 2. Nf3 Nc6 3. Bb5 a6 4. Ba4 Bc5 5. c3 Nf6 6. d4 exd4 7. e5 Qe7 8. O-O
Nd5 9. cxd4 Ba7 10. Bb3 Nb6 11. Bg5 Qb4 12. a3 Qa5 13. Nc3 d5 14. exd6 O-O 15.
d5 Nb8 16. dxc7 N8d7 17. Be7 1-0

[Event "Mechanics' Spring TNM; 30/90, SD/30"]
[Site "San Francisco"]
[Date "2013.03.19"]
[Round "1.12"]
[White "Grey, Peter"]
[Black "Bekhtur, Bayaraa"]
[Result "1-0"]
[WhiteElo "2015"]
[BlackElo "1649"]
[Annotator "Donaldson"]
[PlyCount "37"]
[EventDate "2013.??.??"]

1. e4 c5 2. Nf3 d6 3. d4 cxd4 4. Nxd4 Nf6 5. Nc3 g6 6. Be3 Bg7 7. f3 O-O 8. Qd2
Nc6 9. g4 Re8 10. O-O-O Bd7 11. h4 Ne5 12. h5 Rc8 13. hxg6 hxg6 14. Bh6 Bh8 15.
Be2 Nc4 16. Bxc4 Rxc4 17. Nf5 $1 ({Also strong is} 17. Bf8 $1 Rxf8 (17... Nh5
18. Nce2 Kxf8 19. gxh5 g5 20. Qxg5 e6) 18. Rxh8+ Kxh8 19. Qh6+ Kg8 20. Nd5 $1
$18 (20. Rh1 Nh5 21. gxh5 g5 22. Qxg5+ Kh7)) 17... Rxc3 (17... Bxf5 {
was a better try.}) 18. Qxc3 Nxe4 19. Qxh8+ 1-0

[Event "Mechanics' Summer TNM; 30/90, SD/30"]
[Site "San Francisco"]
[Date "2013.07.09"]
[Round "7.13"]
[White "Grey, Peter"]
[Black "Campers, Willie"]
[Result "1/2-1/2"]
[WhiteElo "2000"]
[BlackElo "1656"]
[PlyCount "60"]
[EventDate "2013.??.??"]

1. e4 e6 2. d4 d5 3. Nc3 Nf6 4. e5 Nfd7 5. Nf3 Be7 6. Bd3 b6 7. Ne2 Ba6 8. Bxa6
Nxa6 9. O-O c5 10. c3 Nc7 11. Be3 O-O 12. Nd2 f6 13. f4 f5 14. Nf3 Kh8 15. Qd2
a5 16. b3 b5 17. a3 c4 18. b4 a4 19. Qe1 Kg8 20. Bf2 Rf7 21. Bh4 Nf8 22. Bxe7
Rxe7 23. Qh4 Ng6 24. Qh5 Qe8 25. Ng5 h6 26. Nh3 Qf7 27. Rf3 Nf8 28. Qh4 Ng6 29.
Qh5 Nf8 30. Qh4 Ng6 1/2-1/2

[Event "Mechanics' Fall TNM; 30/90, SD/30"]
[Site "San Francisco"]
[Date "2013.11.19"]
[Round "5.8"]
[White "Grey, Peter"]
[Black "Chernobilskiy, Mikhail"]
[Result "0-1"]
[WhiteElo "2000"]
[BlackElo "1883"]
[Annotator "Winslow,Elliott C"]
[PlyCount "60"]
[EventDate "2013.??.??"]

1. e4 d5 2. exd5 Qxd5 3. Nc3 Qd6 4. g3 Nf6 5. Bg2 c6 6. d4 Bf5 7. Nf3 e6 8. O-O
Qc7 9. Re1 Bd6 10. d5 O-O 11. dxe6 Bxe6 12. Nd4 Bg4 13. Qd3 Rd8 14. Qc4 Nbd7
15. Be3 Ne5 16. Qb3 Bc5 17. Nce2 Nd5 18. f3 Nxf3+ 19. Bxf3 Bxf3 20. Bf2 Be4 21.
c3 Qd7 22. Nf4 Nxf4 23. Rxe4 Nh3+ 24. Kg2 Ng5 25. Rh4 a5 26. Qc2 Qd5+ 27. Kf1
Qh1+ 28. Ke2 Re8+ 29. Kd2 Qd5 (29... Qxa1) 30. Be3 Nf3+ 0-1

[Event "Mechanics' Fall TNM; 30/90, SD/30"]
[Site "San Francisco"]
[Date "2013.12.17"]
[Round "9.12"]
[White "Grey, Peter"]
[Black "Flores, David"]
[Result "1/2-1/2"]
[WhiteElo "2000"]
[BlackElo "1650"]
[PlyCount "80"]
[EventDate "2013.??.??"]

1. Nf3 Nf6 2. c4 g6 3. g3 d6 4. d4 Nbd7 5. Bg2 Rb8 6. O-O c5 7. Nc3 Bg7 8. e4
O-O 9. h3 cxd4 10. Nxd4 Nb6 11. Qd3 Nfd7 12. b3 Ne5 13. Qd2 Nbd7 14. f4 Nc6 15.
Nde2 Nc5 16. Bb2 Nb4 17. Nd5 Nxd5 18. Bxg7 Kxg7 19. cxd5 Kg8 20. b4 Na4 21. Qd4
a6 22. Rac1 Bd7 23. Nc3 Qb6 24. Qxb6 Nxb6 25. Rfd1 f6 26. Ne2 Rfc8 27. Rxc8+
Rxc8 28. Rc1 Rxc1+ 29. Nxc1 Nc4 30. Bf1 Nd2 31. Bd3 Bxh3 32. Kf2 f5 33. e5 Ne4+
34. Bxe4 fxe4 35. Ke3 Bf5 36. Ne2 h5 37. Nc3 Kf7 38. Nxe4 Bxe4 39. Kxe4 b6 40.
a4 Kg7 1/2-1/2

[Event "Mechanics' Fall TNM; 30/90, SD/30"]
[Site "San Francisco"]
[Date "2013.10.22"]
[Round "1.10"]
[White "Grey, Peter"]
[Black "Hack, Richard"]
[Result "1-0"]
[WhiteElo "2000"]
[BlackElo "1565"]
[PlyCount "99"]
[EventDate "2013.??.??"]

1. Nf3 f5 2. g3 Nf6 3. Bg2 g6 4. O-O Bg7 5. d4 O-O 6. c4 d6 7. Nc3 Nc6 8. d5
Ne5 9. Nxe5 dxe5 10. e4 f4 11. f3 fxg3 12. hxg3 Nh5 13. Ne2 Qd6 14. Be3 Bd7 15.
Qd2 Rf7 16. Rac1 c5 17. dxc6 Qxd2 18. Bxd2 Bxc6 19. Be3 a6 20. Bh3 Kh8 21. Be6
Rff8 22. Kg2 Rad8 23. Rfd1 Bf6 24. Bd5 Bxd5 25. cxd5 Rc8 26. Bb6 Bg5 27. Rc7
Rxc7 28. Bxc7 Rc8 29. Bxe5+ Bf6 30. Bxf6+ Nxf6 31. Rc1 Rxc1 32. Nxc1 Nd7 33.
Nd3 Kg7 34. Kf2 Kf6 35. f4 Nb6 36. b3 Nd7 37. Kf3 b6 38. e5+ Kg7 39. b4 Kf8 40.
g4 Ke8 41. g5 a5 42. a3 Kd8 43. Ke4 Kc7 44. Kd4 axb4 45. axb4 Kb7 46. e6 Nb8
47. b5 Kc7 48. Ke5 Kd8 49. d6 exd6+ 50. Kxd6 1-0

[Event "Mechanics' Neil Falconer TNM; 30/90, SD"]
[Site "San Francisco"]
[Date "2013.09.24"]
[Round "8.9"]
[White "Grey, Peter"]
[Black "Krasnov, Steven"]
[Result "1/2-1/2"]
[WhiteElo "2000"]
[BlackElo "1862"]
[Annotator "Donaldson"]
[PlyCount "83"]
[EventDate "2013.??.??"]

1. c4 Nf6 2. Nc3 c5 3. g3 e6 4. Nf3 d5 5. cxd5 exd5 6. d4 Nc6 7. Bg2 h6 8. O-O
Be6 9. b3 Rc8 10. Bb2 b6 11. Rc1 Be7 12. e3 O-O 13. Ne5 Qc7 14. Nd3 Rfd8 15.
Nf4 Qd7 16. Nxe6 Qxe6 17. Ne2 cxd4 18. Nxd4 Qd7 19. Qd3 Nxd4 20. Qxd4 Rc5 21.
b4 Rxc1 22. Rxc1 Qa4 23. a3 Qd7 24. Bf3 Qf5 25. Kg2 Qd7 26. h4 Ne8 27. Qf4 g5
28. hxg5 Bxg5 29. Qg4 Qxg4 30. Bxg4 d4 31. Rd1 (31. f4 $1 Bf6 32. e4 $1 $16)
31... dxe3 32. Rxd8 Bxd8 33. fxe3 Nd6 34. Be2 Bg5 35. Kf3 Kf8 36. e4 f6 37. b5
Ke7 38. e5 fxe5 39. Bxe5 Ke6 40. Bxd6 Kxd6 41. Ke4 Bc1 42. a4 1/2-1/2